000 00718nam a2200253Ia 4500
003 OSt
005 20220928131058.0
006 a|||||r|||| 00| 0
007 ta
008 220927b |||||||| |||| 00| 0 eng d
024 _a32335
037 _cTextual
040 _aSDCL
_cSDCL
_beng
041 _2eng
_aeng
082 _aG9X:68, P3
100 _aGlick Bernard R
_9435496
245 0 _aMolecular biotechnology
_b Principles and applications of recombinant DNA.
250 _a3
260 _aWashington
_bASM Press
_c2003
300 _axxiii,760p
_ccm.
700 _a Pasternak Jack J
942 _hG9X:68, P3
_cTEXL
_2CC
999 _c789484
_d789484